000 00273pab a2200109 454500
008 180718b xxu||||| |||| 00| 0 eng d
100 _aRai, Chowdhuri, Satyabrata
245 _aPolice brutality: result of frustration
650 _aPolice
773 _aStatesman
909 _a24156
999 _c24156
_d24156